Mr Brightside Missing Lyrics Quiz - Statistics

General Stats
  • This quiz has been taken 334 times
  • The average score is 53 of 64
Answer Stats
Answer % Correct
It started out with a {kiss}
98%
It started out with a {kiss}
98%
It was only a {kiss}
98%
It was only a {kiss}
98%
It was only a {kiss}
98%
It was only a {kiss}
98%
And I've been doing {just} {fine}
97%
And I've been doing {just} {fine}
97%
How did it {end} {up} like this?
97%
How did it {end} {up} like this?
97%
Coming out of my {cage}
93%
I'm coming out of my {cage}
93%
And she's {taking} a drag
92%
And she's {taking} a drag
92%
He takes off her {dress}, now
91%
He takes off her {dress}, now
91%
'Cause I'm {Mr} {Brightside}
90%
'Cause I'm {Mr} {Brightside}
90%
It's {killing} me
90%
It's {killing} me
90%
And my {stomach} is sick
89%
And my {stomach} is sick
89%
Because I {want} {it} {all}
89%
Because I {want} {it} {all}
89%
Now they're going to {bed}
84%
Now they're going to {bed}
84%
While he's having a {smoke}
83%
While he's having a {smoke}
83%
But it's just the {price} {I} {pay}
82%
But it's just the {price} {I} {pay}
82%
{Destiny} is calling me
82%
{Destiny} is calling me
82%
Gotta, gotta be {down}
82%
Gotta, gotta be {down}
82%
{Chest}, now
81%
{Chest}, now
81%
And it's {all} {in} {my} {head}
80%
And it's {all} {in} {my} {head}
80%
And she's {calling} {a} {cab}
80%
And she's {calling} {a} {cab}
80%
But she's {touching} his
80%
But she's {touching} his
80%
Now I'm {falling} {asleep}
80%
Now I'm {falling} {asleep}
80%
And I just can't {look}
78%
'Cause I just can't {look}
78%
{Jealousy}
78%
{Jealousy}
78%
They're {taking} {control}
78%
They're {taking} {control}
78%
{Let} {me} {go}
77%
{Let} {me} {go}
77%
Open up my {eager} {eyes}
76%
Open up my {eager} {eyes}
76%
{Turning} saints into the sea
76%
{Turning} saints into the sea
76%
{Choking} on your alibis
75%
{Choking} on your alibis
75%
{I} {never}
59%
{I} {never}
59%
{I} {never}
59%
{I} {never}
59%
{Swimming} through sick lullabies
40%
{Swimming} through sick lullabies
40%
No matching quizzes found
Score Distribution
Percent of People with Each Score
Percentile by Number Answered
Your Score History
You have not taken this quiz